5HLuxD.jpg

KING HENRY VIII SENIOR AND PRIMARY SCHOOL LIBRARY OPAC

Escape / (Record no. 3803)

000 -LEADER
fixed length control field 01195cam a2200349 a 4500
001 - CONTROL NUMBER
control field .b18935898
003 - CONTROL NUMBER IDENTIFIER
control field OSt
005 - DATE AND TIME OF LATEST TRANSACTION
control field 20241030093315.0
008 - FIXED-LENGTH DATA ELEMENTS--GENERAL INFORMATION
fixed length control field 090515r20082000enka 000 0 eng d
010 ## - LIBRARY OF CONGRESS CONTROL NUMBER
LC control number 2009290947
015 ## - NATIONAL BIBLIOGRAPHY NUMBER
National bibliography number GBA874464
Source bnb
020 ## - INTERNATIONAL STANDARD BOOK NUMBER
International Standard Book Number 9780194234122 (pbk.)
035 ## - SYSTEM CONTROL NUMBER
System control number (OCoLC)ocn231882063
040 ## - CATALOGING SOURCE
Original cataloging agency UKM
Transcribing agency UKM
Modifying agency YDXCP
-- OCLCG
-- DLC
-- TWFJU
-- KH8
042 ## - AUTHENTICATION CODE
Authentication code nbic
082 0# - DEWEY DECIMAL CLASSIFICATION NUMBER
Classification number 428.64 BUR
100 1# - MAIN ENTRY--PERSONAL NAME
Personal name Burrows, Phillip,
Relator term author.
245 10 - TITLE STATEMENT
Title Escape /
Statement of responsibility, etc. Phillip Burrows and Mark Foster.
260 ## - PUBLICATION, DISTRIBUTION, ETC.
Place of publication, distribution, etc. Oxford ;
-- New York :
Name of publisher, distributor, etc. Oxford University Press,
Date of publication, distribution, etc. c2008.
300 ## - PHYSICAL DESCRIPTION
Extent 40 p. :
Other physical details col. ill. ;
Dimensions 20 cm.
490 1# - SERIES STATEMENT
Series statement Oxford bookworms library. Thriller & adventure. Starter.
500 ## - GENERAL NOTE
General note "First published in Oxford Bookworms 2000."--T.p. verso.
650 #0 - SUBJECT ADDED ENTRY--TOPICAL TERM
Topical term or geographic name entry element Readers.
650 #0 - SUBJECT ADDED ENTRY--TOPICAL TERM
Topical term or geographic name entry element English language
Form subdivision Textbooks for foreign speakers.
650 #0 - SUBJECT ADDED ENTRY--TOPICAL TERM
Topical term or geographic name entry element High interest-low vocabulary books.
650 #0 - SUBJECT ADDED ENTRY--TOPICAL TERM
Topical term or geographic name entry element Reading comprehension
Form subdivision Problems, exercises, etc.
650 #0 - SUBJECT ADDED ENTRY--TOPICAL TERM
Topical term or geographic name entry element Prisoners
Form subdivision Fiction.
650 #0 - SUBJECT ADDED ENTRY--TOPICAL TERM
Topical term or geographic name entry element Escape
Form subdivision Fiction.
700 1# - ADDED ENTRY--PERSONAL NAME
Personal name Foster, Mark,
Dates associated with a name 1961-
Relator term author.
830 #0 - SERIES ADDED ENTRY--UNIFORM TITLE
Uniform title Oxford bookworms library.
Name of part/section of a work Thriller & adventure.
-- Starter.
942 ## - ADDED ENTRY ELEMENTS (KOHA)
Source of classification or shelving scheme
Koha item type Teaching Resources
Holdings
Withdrawn status Lost status Source of classification or shelving scheme Damaged status Not for loan Collection code Permanent Location Current Location Shelving location Date acquired Total Checkouts Total Renewals Full call number Barcode Date due Date last seen Date last checked out Copy number Price effective from Koha item type
          Teaching Resources KH8 Senior School Library KH8 Senior School Library Staff Office 2024-10-30 1 1 428.64 BUR TRKHSL006004 2025-07-04 2024-11-07 2024-11-07 1 2024-10-30 Teaching Resources
          Teaching Resources KH8 Senior School Library KH8 Senior School Library Staff Office 2024-10-30 1   428.64 BUR TRKHSL006005 2025-07-04 2024-11-07 2024-11-07 2 2024-10-30 Teaching Resources
          Teaching Resources KH8 Senior School Library KH8 Senior School Library Staff Office 2024-10-30 1   428.64 BUR TRKHSL006006 2025-07-04 2024-11-07 2024-11-07 3 2024-10-30 Teaching Resources
          Teaching Resources KH8 Senior School Library KH8 Senior School Library Staff Office 2024-10-30 1   428.64 BUR TRKHSL006007 2025-07-04 2024-11-07 2024-11-07 4 2024-10-30 Teaching Resources
          Teaching Resources KH8 Senior School Library KH8 Senior School Library Staff Office 2024-10-30 1   428.64 BUR TRKHSL006008 2025-07-04 2024-11-07 2024-11-07 5 2024-10-30 Teaching Resources
          Teaching Resources KH8 Senior School Library KH8 Senior School Library Staff Office 2024-10-30 1   428.64 BUR TRKHSL006009 2025-07-04 2024-11-07 2024-11-07 6 2024-10-30 Teaching Resources
          Teaching Resources KH8 Senior School Library KH8 Senior School Library Staff Office 2024-10-30 1 1 428.64 BUR TRKHSL006010 2025-07-04 2024-11-07 2024-11-07 7 2024-10-30 Teaching Resources
          Teaching Resources KH8 Senior School Library KH8 Senior School Library Staff Office 2024-10-30 1   428.64 BUR TRKHSL006011 2025-07-04 2024-11-07 2024-11-07 8 2024-10-30 Teaching Resources
          Teaching Resources KH8 Senior School Library KH8 Senior School Library Staff Office 2024-10-30 1   428.64 BUR TRKHSL006012 2025-07-04 2024-11-07 2024-11-07 9 2024-10-30 Teaching Resources
          Teaching Resources KH8 Senior School Library KH8 Senior School Library Staff Office 2024-10-30 1   428.64 BUR TRKHSL006013 2025-07-04 2024-11-07 2024-11-07 10 2024-10-30 Teaching Resources
          Teaching Resources KH8 Senior School Library KH8 Senior School Library Staff Office 2025-09-18 1   428.64 BUR TRKHSL006558   2025-11-17 2025-09-18 ELP 2025-09-18 Teaching Resources
          Teaching Resources KH8 Senior School Library KH8 Senior School Library Staff Office 2025-09-18 1   428.64 BUR TRKHSL006559 2026-07-03 2025-09-18 2025-09-18 ELP 2025-09-18 Teaching Resources

Powered By KH8 IT Dept